| 000 | 00617nam a2200217 a 4500 | ||
|---|---|---|---|
| 999 |
_c3216 _d3216 |
||
| 001 | 3216 | ||
| 003 | BD-JhCC | ||
| 005 | 20171111194130.0 | ||
| 008 | 171111s1985 bg |||| ||a| 000 0 ben d | ||
| 035 | _a(BD-JhCC)3216 | ||
| 040 |
_aBD-JhCC _dBD-JhCC |
||
| 041 | _aben | ||
| 082 |
_a718 _bISL 1985 |
||
| 100 | _aইসলাম, রফিকুল | ||
| 245 |
_aশহীদ মিনার / _cরফিকুল ইসলাম, |
||
| 260 |
_aঢাকা : _bবাংলা একাডেমী, _c1985 |
||
| 300 |
_a102 p. : _c18 cm. |
||
| 650 | _aMonument of Martyrs | ||
| 942 |
_2ddc _cBK |
||